| 000 | 00757nam a22001577a 4500 | ||
|---|---|---|---|
| 003 | OSt | ||
| 005 | 20151024104745.0 | ||
| 008 | 151024b xxu||||| |||| 00| 0 eng d | ||
| 040 | _cRUA | ||
| 082 | _aAVM HUC 2012 B0101 Or.1 | ||
| 100 |
_92750 _aHUCH CHANTHO |
||
| 245 | _aThe survey study on caring for the new born piglets until weaning in pao sinob farm in korng pisey, kampong soue province, (ការសិក្សាពីជំងឺរាកកូនជ្រូកពេលកើតដល់ផ្ដាច់ដោះ នៅកសដ្ឌាន ពៅ ស៊ីណុប ស្រុកគងពិសី ខេត្តកំពង់ស្ពឺ) | ||
| 260 |
_aPhnom Penh _bRua _c2012 |
||
| 300 |
_aviii, 44p. _bill. _c29cm. |
||
| 942 |
_2ddc _cAVM |
||
| 999 |
_c2573 _d2573 |
||